Manažerské rozhodování cvičebnice s řešenými příklady
Guardado en:
| Autor principal: | |
|---|---|
| Autor Corporativo: | |
| Otros Autores: | , |
| Formato: | Libro |
| Lenguaje: | checo |
| Publicado: |
Praha
Oeconomica, Nakladatelství VŠE
2005
|
| Materias: | |
| Etiquetas: |
Sin Etiquetas, Sea el primero en etiquetar este registro!
|
MARC
| LEADER | 00000nam$a2200000$$$4500 | ||
|---|---|---|---|
| 001 | 0041146 | ||
| 005 | 20240315114545.5 | ||
| 020 | |a 80-245-0486-3 | ||
| 041 | 0 | |a cze | |
| 044 | |a CZ | ||
| 245 | 1 | 0 | |a Manažerské rozhodování |b cvičebnice s řešenými příklady |c Helena Hrůzová, Jiří Richter, Lenka Švecová |
| 264 | 1 | |a Praha |b Oeconomica, Nakladatelství VŠE |c 2005 | |
| 300 | |a 183 s. | ||
| 610 | 2 | 0 | |a rozhodovanie manažérske |
| 610 | 2 | 0 | |a rozhodovanie strategické |
| 610 | 2 | 0 | |a procesy rozhodovacie |
| 610 | 2 | 0 | |a rozhodovanie skupinové |
| 610 | 2 | 0 | |a metódy rozhodovania |
| 610 | 2 | 0 | |a risk management |
| 610 | 2 | 0 | |a riadenie rizík |
| 100 | 1 | |a Hrůzová, Helena | |
| 700 | 1 | |a Richter, Jiří | |
| 700 | 1 | |a Švecová, Lenka | |
| 710 | 2 | |a Vysoká škola ekonomická v Praze. Podnikohospodářská fakulta | |